| 000 | 00445 a2200181 4500 | ||
|---|---|---|---|
| 005 | 20250514153915.0 | ||
| 008 | 250514b |||||||| |||| 00| 0 eng d | ||
| 020 |
_a9789387253537 _cRs. 290.00 |
||
| 040 | _aMAIN | ||
| 082 |
_a613.7046 _bG959S |
||
| 100 | _aGupta, Prakash | ||
| 245 | _aSamanya vigyan | ||
| 260 |
_bKitab Mahal _c2024 _aNew Delhi |
||
| 300 | _axii, 356 | ||
| 650 | _aNatural Science | ||
| 650 | _aStem Cells | ||
| 942 | _cBK | ||
| 999 |
_c359009 _d359009 |
||